State and economics in the Middle East : A society in transition

Tallennettuna:
Bibliografiset tiedot
Päätekijä: Bonne, Alfred
Aineistotyyppi: Kirja
Kieli:Undetermined
Julkaistu: Westport Greenwood Press 1973
Aiheet:
Tagit: Lisää tagi
Ei tageja, Lisää ensimmäinen tagi!
Thư viện lưu trữ: Trung tâm Học liệu Trường Đại học Cần Thơ
LEADER 00527nam a2200193Ia 4500
001 CTU_82138
008 210402s9999 xx 000 0 und d
082 |a 309.156 
082 |b B716 
100 |a Bonne, Alfred 
245 0 |a State and economics in the Middle East : 
245 2 |b A society in transition 
245 0 |c Alfred Bonne 
260 |a Westport 
260 |b Greenwood Press 
260 |c 1973 
650 |a Social conditions 
904 |i Trọng Hải 
980 |a Trung tâm Học liệu Trường Đại học Cần Thơ